000 00978cam a22001934a 4500
005 20250605164016.0
008 250528s ||||||||||||||||||||||||d
035 _a16168
020 _a534983987
040 _aGR-AtMCL
_bgre
_dGR-AtMCL
_eAACR2
245 1 _aIntroduction to Mathematical Programming / Applications and Algorithms
260 _bPws-Kent Publishing Company,
_c1991
300 _a802
520 _aPreface, Introduction to Mathematical Programming, Basic Linear Algebra, Introduction to Linear Programming, The Simplex Algorithm and Goal Programming, Sensitivity Analysis: An Applied Approach, Sensitivity Analysis and Duality, Transportation and Assignment and Transshipment Problems, Network Models, Integer Programming, Advanced Topics in Linear Programming, Game Theory, Nonlinear Programming, Deterministic Dynamic Programming, Answers to Selected Problems, Index.
700 1 _aWinston Wayne L
_9800
942 _cBK
999 _c1703
_d1703